00322 a2200145 450000100060000002000180000604000240002410000230004824000250007124500200009630000070011636200090012344000130013265000310014547113 a9788526267700 cAnchieta - Aquarius aMarques, Christina10aO nariz curiosolpor10aO nariz curioso a320 a2013 1aScipione 4aLiteratura infanto-juvenil